MARC
| LEADER | 00000nam a2200000Ia 4500 | ||
|---|---|---|---|
| 008 | 170316s9999 xx 000 0 und d | ||
| 999 | |c 10318 |d 10318 | ||
| 040 | |a cru BVZT | ||
| 090 | |a 862 Q-2L | ||
| 100 | |a Quevedo y Villegas, Francisco de | ||
| 245 | |a Lazarillo de Tormes. Vida del buscón Don Pablos | ||
| 260 | |a México, Distrito Federal |b Porrúa |c 1980 | ||
| 300 | |a 188 páginas | ||
| 650 | |a LITERATURA ESPAÑOLA |9 23 | ||
| 942 | |c 4 D |h 862 Q-2L |2 z | ||
